[Event "44th North Shore Open"]
[Site "Auckland NZL"]
[Date "2017.08.26"]
[Round "1"]
[White "Goodhue, Nathan"]
[Black "Hague, Ben"]
[Result "0-1"]
[WhiteElo "1968"]
[BlackElo "2326"]
[PlyCount "46"]
[EventDate "2017.08.26"]

1. b3 e5 2. Bb2 Nc6 3. e4 Nf6 4. d3 Bc5 5. Be2 O-O 6. Nd2 d6 7. Ngf3 Ng4 8. O-O
f5 9. h3 Nf6 10. c3 fxe4 11. dxe4 a5 12. a4 Nh5 13. Ba3 Ba7 14. Nxe5 Nxe5 15.
Bxh5 Qh4 16. Bf3 Bxh3 17. Qe2 Rxf3 18. Qxf3 Nxf3+ 19. Nxf3 Qg3 20. Ne1 Rf8 21.
Ra2 Bxg2 22. Nxg2 Rf6 23. Rfa1 Bxf2+ 0-1

[Event "44th North Shore Open"]
[Site "Auckland NZL"]
[Date "2017.08.26"]
[Round "1"]
[White "Gong, Daniel Hanwen"]
[Black "Runcan, Daniel-Ioan"]
[Result "1-0"]
[WhiteElo "2278"]
[BlackElo "1936"]
[PlyCount "37"]
[EventDate "2017.08.26"]

1. c4 c5 2. g3 Nf6 3. Bg2 d5 4. cxd5 Nxd5 5. Nc3 Nc7 6. d3 Nc6 7. Nf3 g6 8. Be3
e5 9. Ne4 Ne6 10. Rc1 f5 11. Nxc5 Bxc5 12. Bxc5 Qa5+ 13. Qd2 Qxa2 14. O-O Kf7
15. Qc3 Nxc5 16. Nxe5+ Nxe5 17. Qxe5 Be6 18. Rxc5 Rac8 19. Ra5 1-0

[Event "44th North Shore Open"]
[Site "Auckland NZL"]
[Date "2017.08.26"]
[Round "1"]
[White "Lim, Benjamin U"]
[Black "McLaren, Leonard J"]
[Result "0-1"]
[WhiteElo "1927"]
[BlackElo "2208"]
[PlyCount "50"]
[EventDate "2017.08.26"]

1. e4 c5 2. Nf3 d6 3. d4 cxd4 4. Nxd4 Nf6 5. Nc3 e6 6. Bc4 Be7 7. O-O O-O 8.
Bb3 Na6 9. f4 Nc5 10. e5 dxe5 11. fxe5 Nfd7 12. Qe2 Nxb3 13. Nxb3 a6 14. Bf4
Qc7 15. Rad1 b5 16. Rd3 Bb7 17. Rh3 Rfd8 18. Kh1 Rac8 19. Qh5 Nf8 20. a3 Rd7
21. Nd2 Rcd8 22. Nf3 Qc4 23. Re1 Qxf4 24. Ne2 Qf5 25. Qxf5 exf5 0-1

[Event "44th North Shore Open"]
[Site "Auckland NZL"]
[Date "2017.08.26"]
[Round "1"]
[White "Steadman, Michael V R"]
[Black "Johns, Daniel P"]
[Result "1-0"]
[WhiteElo "2194"]
[BlackElo "1909"]
[PlyCount "49"]
[EventDate "2017.08.26"]

1. b4 e5 2. Bb2 d6 3. c4 Nf6 4. e3 Be7 5. Nf3 Bg4 6. h3 Bh5 7. Be2 Nbd7 8. Nc3
h6 9. Qb3 O-O 10. d4 exd4 11. exd4 Bg6 12. O-O c5 13. a3 Re8 14. Rad1 b6 15.
Bd3 Bxd3 16. Rxd3 Qc7 17. Nb5 Qc6 18. dxc5 dxc5 19. Rfd1 cxb4 20. axb4 Bf8 21.
Nfd4 Qb7 22. Nf5 Re6 23. Rg3 a6 24. Nbd4 Re4 25. Nxh6+ 1-0

[Event "44th North Shore Open"]
[Site "Auckland NZL"]
[Date "2017.08.26"]
[Round "1"]
[White "Zhang, Jasmine Haomo"]
[Black "Ang, Alphaeus Wei Ern"]
[Result "0-1"]
[WhiteElo "1880"]
[BlackElo "2141"]
[PlyCount "68"]
[EventDate "2017.08.26"]

1. d4 Nf6 2. c4 g6 3. Nc3 Bg7 4. e4 d6 5. f3 O-O 6. Be3 Nc6 7. Qd2 a6 8. O-O-O
Bd7 9. Bh6 e5 10. d5 Nd4 11. Nge2 Nxe2+ 12. Bxe2 b5 13. Rdg1 c6 14. Kb1 cxd5
15. cxd5 Qb6 16. Be3 Qb7 17. g4 Rfc8 18. h4 b4 19. Nd1 b3 20. axb3 Qxb3 21. Nc3
Rab8 22. Rc1 a5 23. Ka1 h5 24. gxh5 Nxh5 25. Bd1 Qb7 26. Rh2 f5 27. Rg2 Kh7 28.
Na4 Rxc1+ 29. Qxc1 Qb4 30. Nc3 Nf4 31. Bxf4 exf4 32. h5 gxh5 33. Rh2 a4 34. Rc2
a3 0-1

[Event "44th North Shore Open"]
[Site "Auckland NZL"]
[Date "2017.08.26"]
[Round "1"]
[White "Fan, Allen Chi Zhou"]
[Black "Picken, Oliver"]
[Result "1-0"]
[WhiteElo "2055"]
[BlackElo "1866"]
[PlyCount "95"]
[EventDate "2017.08.26"]

1. Nf3 e6 2. g3 b6 3. Bg2 Bb7 4. O-O f5 5. c4 Nf6 6. Nc3 Bb4 7. a3 Bxc3 8. bxc3
O-O 9. a4 Qe8 10. a5 Qh5 11. axb6 axb6 12. Rxa8 Bxa8 13. e3 g5 14. Nxg5 Qxg5
15. Bxa8 c6 16. Qb3 f4 17. exf4 Qa5 18. Qa3 Na6 19. Bb7 Nc7 20. Qxa5 bxa5 21.
Ba3 Rb8 22. Rb1 Kf7 23. Bd6 Nfe8 24. Bc5 Kf6 25. Ba7 Rd8 26. Ra1 Kf7 27. c5 Kf6
28. Rxa5 Kf5 29. f3 e5 30. Ra4 exf4 31. Rxf4+ Ke5 32. Re4+ Kf5 33. Kf2 Ne6 34.
g4+ Kg5 35. Bb6 Rb8 36. Bxc6 Nf6 37. Re5+ Kh4 38. Bxd7 Ng5 39. Bf5 Ra8 40. c6
Ra2 41. Be3 Nh3+ 42. Ke2 Ra1 43. c7 Rh1 44. c8=Q Rxh2+ 45. Kd3 h5 46. Qd8 hxg4
47. Qxf6+ Kg3 48. Re4 1-0

[Event "44th North Shore Open"]
[Site "Auckland NZL"]
[Date "2017.08.26"]
[Round "1"]
[White "Wright, Caleb"]
[Black "Morrell, Gordon"]
[Result "1-0"]
[WhiteElo "1864"]
[BlackElo "2042"]
[PlyCount "67"]
[EventDate "2017.08.26"]

1. d4 Nf6 2. Nf3 g6 3. g3 c5 4. Bg2 Bg7 5. O-O O-O 6. c4 Nc6 7. Nc3 cxd4 8.
Nxd4 d6 9. Nxc6 bxc6 10. Bxc6 Rb8 11. Bg2 Qa5 12. Qc2 Be6 13. Bd2 Qh5 14. b3
Rfc8 15. Qd1 Bh3 16. f3 d5 17. Bf4 Bxg2 18. Kxg2 e5 19. g4 Nxg4 20. fxg4 Qxg4+
21. Bg3 dxc4 22. Qd5 cxb3 23. Rxf7 Qc4 24. Rxg7+ Kxg7 25. Bxe5+ Kh6 26. Qd2+
Kh5 27. Bxb8 Rxb8 28. axb3 Qg4+ 29. Kh1 Rxb3 30. Rg1 Qf5 31. Qe1 h6 32. Rg3 g5
33. e4 Qa5 34. Qd1+ 1-0

[Event "44th North Shore Open"]
[Site "Auckland NZL"]
[Date "2017.08.26"]
[Round "1"]
[White "Li, Shenyue (Sherry)"]
[Black "Nagorski, Alex"]
[Result "1-0"]
[WhiteElo "2038"]
[BlackElo "1859"]
[PlyCount "65"]
[EventDate "2017.08.26"]

1. e4 e6 2. d4 d5 3. Nc3 Bb4 4. e5 c5 5. a3 Bxc3+ 6. bxc3 Ne7 7. a4 Nbc6 8. Nf3
Qa5 9. Bd2 c4 10. Qb1 O-O 11. Nh4 f6 12. f4 Ng6 13. Nxg6 hxg6 14. Be2 fxe5 15.
fxe5 Qc7 16. h4 Qf7 17. Be3 Bd7 18. Kd2 Ne7 19. g4 Rab8 20. Qg1 Qe8 21. h5 gxh5
22. gxh5 Nf5 23. h6 g6 24. h7+ Kh8 25. Bg5 Ng7 26. Bf6 Rxf6 27. exf6 Nf5 28.
Qh2 Qf8 29. Qe5 Qd6 30. Rag1 Rf8 31. Rxg6 Be8 32. f7+ Qxe5 33. Rg8+ 1-0

[Event "44th North Shore Open"]
[Site "Auckland NZL"]
[Date "2017.08.26"]
[Round "1"]
[White "Hair, Philip I"]
[Black "Duneas, John"]
[Result "0-1"]
[WhiteElo "1847"]
[BlackElo "2034"]
[PlyCount "70"]
[EventDate "2017.08.26"]

1. e4 e6 2. d4 d5 3. exd5 exd5 4. Nf3 Bd6 5. Bd3 Nf6 6. O-O O-O 7. h3 Re8 8. b3
c5 9. Bb2 Nc6 10. a3 a6 11. Nbd2 cxd4 12. Nxd4 Nxd4 13. Bxd4 Bd7 14. Qf3 Be5
15. Bxe5 Rxe5 16. Rfe1 Rxe1+ 17. Rxe1 Bb5 18. a4 Bxd3 19. Qxd3 Qa5 20. Re7 Qb4
21. Rc7 Re8 22. Kf1 Qf4 23. Qc3 d4 24. Qc4 Ne4 25. Nxe4 Qc1+ 26. Ke2 Rxe4+ 27.
Kd3 Re3+ 28. Kxd4 Qd2+ 29. Kc5 Qa5+ 30. Kd6 Qe5+ 31. Kd7 Qe8+ 32. Kd6 Qd8+ 33.
Rd7 Qb6+ 34. Kd5 Qe6+ 35. Kd4 Qe5# 0-1

[Event "44th North Shore Open"]
[Site "Auckland NZL"]
[Date "2017.08.26"]
[Round "1"]
[White "Krstev, Antonio"]
[Black "Seabrook, Roy"]
[Result "1-0"]
[WhiteElo "2034"]
[BlackElo "1814"]
[PlyCount "125"]
[EventDate "2017.08.26"]

1. d4 Nf6 2. c4 e5 3. dxe5 Ne4 4. a3 d6 5. Nf3 Nc6 6. exd6 Bxd6 7. Nbd2 Bf5 8.
g3 Bc5 9. e3 Bg4 10. Be2 f5 11. Nxe4 fxe4 12. Nd2 Bf5 13. b4 Be7 14. Bg4 Qd7
15. Bxf5 Qxf5 16. Qc2 Ne5 17. O-O Nd3 18. Rb1 O-O 19. Nb3 Bf6 20. Nd4 Qd7 21.
Bb2 Rad8 22. Rbd1 Qh3 23. Rxd3 exd3 24. Qxd3 Qh5 25. Qc2 Rfe8 26. c5 Qd5 27.
Rc1 c6 28. Qc4 Bg5 29. Nf3 Qxc4 30. Rxc4 Rd1+ 31. Kg2 Be7 32. Rg4 Bf8 33. Rd4
Rd8 34. Rxd8 Rxd8 35. Bd4 a5 36. Ne5 axb4 37. axb4 Be7 38. Nc4 Kf7 39. f4 g6
40. g4 Ke6 41. Kf3 Bf6 42. Bxf6 Kxf6 43. Nd6 b5 44. e4 Ra8 45. e5+ Ke6 46. Ke4
Ra4 47. f5+ Ke7 48. e6 gxf5+ 49. gxf5 Kf6 50. Ne8+ Ke7 51. Ng7 Ra1 52. Nh5 Rh1
53. Ke5 Re1+ 54. Kf4 Re2 55. h3 Re1 56. Ng3 Rb1 57. Ke5 Rxb4 58. f6+ Ke8 59.
Nf5 Rb1 60. Nd6+ Kd8 61. e7+ Kc7 62. e8=Q Re1+ 63. Ne4 1-0

[Event "44th North Shore Open"]
[Site "Auckland NZL"]
[Date "2017.08.26"]
[Round "1"]
[White "Qin, Nicole Shu Yu"]
[Black "Mistry, Prashant"]
[Result "0-1"]
[WhiteElo "1551"]
[BlackElo "2006"]
[PlyCount "70"]
[EventDate "2017.08.26"]

1. d4 d5 2. c4 e6 3. Nc3 Nf6 4. cxd5 exd5 5. Bg5 Be7 6. e3 c6 7. Bd3 Nbd7 8.
Nf3 Ne4 9. Bxe7 Qxe7 10. Qc2 f5 11. O-O O-O 12. Rae1 Rf6 13. Nd2 Nb6 14. f3
Nxd2 15. Qxd2 Bd7 16. e4 Qb4 17. Be2 dxe4 18. fxe4 Na4 19. a3 Qb3 20. Rf3 Nxc3
21. Rxc3 Qb6 22. Bc4+ Be6 23. Rb3 Qc7 24. d5 b5 25. Bxb5 cxd5 26. exd5 Qc5+ 27.
Kh1 Bxd5 28. Rc1 Qd6 29. Rg3 Be4 30. Bc4+ Kh8 31. Qe2 Rd8 32. Bd3 Rh6 33. Kg1
f4 34. Bxe4 fxg3 35. h3 Qd4+ 0-1